Mastering Windows XP registry

Đã lưu trong:
书目详细资料
主要作者:  Hipson, Peter
格式: Sách
语言:Undetermined
出版:  Sybex 2002
主题:
标签: 添加标签
没有标签, 成为第一个标记此记录!
Thư viện lưu trữ: Trung tâm Thư viện - Trường Đại học Công nghiệp TP. Hồ Chí Minh
LEADER 00475nam a2200157Ia 4500
001 UIH_06555
008 231011s9999 xx 000 0 und d
082 |a  005.43 
100 |a  Hipson, Peter 
245 0 |a  Mastering Windows XP registry 
245 0 |c  Hipson, Peter 
260 |b  Sybex 
260 |c 2002 
650 |a  Hệ điều hành máy tính;  
927 |a Sách 
980 |a Trung tâm Thư viện - Trường Đại học Công nghiệp TP. Hồ Chí Minh